000 01538cam a22005174i 4500
003 PE-LiUPU
005 20250731170437.0
008 150625s r 000 0 d
035 _a(Sirsi) a32105
040 _aPE-LiUPU
_bspa
_cPE-LiUPU
_erda
082 0 4 _a184
_bG68
_221
100 1 _aGómez de Robledo, Antonio,
_eautor.
245 1 0 _aPlatón :
_bLos seis grandes temas de su filosofía /
_cAntonio Gómez Robledo.
264 1 _aMéxico :
_bFondo de Cultura Económica,
_c1974
300 _a619 páginas,
_c21 centímetros
336 _atext
_2rdacontent
337 _aunmediated
_2rdamedia
338 _avolume
_2rdacarrier
526 _aSEG68
526 _aSEG70
526 _aSEG69
526 _aSEG67
526 _aSEG43
526 _aP144
526 _aP143
526 _aP131
526 _aP122
526 _aP120
526 _aP117
526 _aP112
526 _aP110
526 _aP106
526 _aP101
526 _aP80
526 _aP59
526 _aP54
526 _aP35
526 _aP33
526 _aP30
600 0 4 _aPlatón
_vCrítica e interpretación.
942 _2ddc
_cBOOK
949 _a184 G68
_wDEWEY
_c1
_i38246
_lCCODEBUL1
_mBUL
_p00.00
_r0
_sY
_tBOOK
_u2015-06-25
_xBIBLIOTECA
_zUNKNOWN
_0COMPRA
_o.STAFF. Colección General
596 _a1
999 _a184 G68
_wDEWEY
_c39728
_i38246
_d39728
_e2018-4-26
_f2022-6-6
_g4
_lCCODEBUL1
_mBUL
_n5
_q2
_r0
_sY
_tBOOK
_u2015-6-25
_xSALUD
_zUNKNOWN
_0COMPRA
_o.STAFF. Colección General
980 _81
_gALBERTO SANCHEZ Responsable de Automatización